000 00674nam a2200217 a 4500
001 8133
003 CO-ViMGA
008 141112s2004 ck r 000 u spa d
020 _a9586014924
040 _aCO-ViMGA
_bspa
_cCO-ViMGA
082 0 4 _aCo863.44 H69v
100 1 _aHoyos, Andres
245 1 0 _aLos Viudos - y otros cuentos /
_cAndres
260 _aBogotá,
_cTercer Mundo Editores,
_c1994
300 _a306 p.
490 _aColeccion de narrativa contemporanea prisma
590 _aForma de adquisición : donacion - - Proveedor : Luis Ángel Arango
650 1 4 _aCuento - colombia - siglo xx
_97858
650 1 4 _anarrativa - colombiana
_97859
942 _2ddc
_cBK
999 _c19947
_d19947